MARKETING OF AGRICULTURAL PRODUCTS [9TH ED. ] (Record no. 2055)

MARC details
000 -LEADER
fixed length control field 00465nam a22001817a 4500
005 - DATE AND TIME OF LATEST TRANSACTION
control field 20251211133434.0
008 - FIXED-LENGTH DATA ELEMENTS--GENERAL INFORMATION
fixed length control field 160528b xxu||||| |||| 00| 0 eng d
020 ## - INTERNATIONAL STANDARD BOOK NUMBER
ISBN 976-81-203-2220-2
041 ## - LANGUAGE CODE
Language code of text/sound track or separate title eng
082 ## - DEWEY DECIMAL CLASSIFICATION NUMBER
Item number 5801
100 ## - MAIN ENTRY--AUTHOR NAME
Personal name KOHLS, RICHARD L. AND UHL, JOSEPH N.
245 ## - TITLE STATEMENT
Title MARKETING OF AGRICULTURAL PRODUCTS [9TH ED. ]
250 ## - EDITION STATEMENT
Edition statement 9TH ED,
260 ## - PUBLICATION, DISTRIBUTION, ETC. (IMPRINT)
Place of publication New Delhi
Name of publisher PHI,
Year of publication 2009
300 ## - PHYSICAL DESCRIPTION
Number of Pages 544;P
650 ## - SUBJECT ADDED ENTRY--TOPICAL TERM
Topical Term Management
942 ## - ADDED ENTRY ELEMENTS (KOHA)
Koha item type Books
Holdings
Lost status Damaged status Collection code Home library Current library Shelving location Date acquired Source of acquisition Cost, normal purchase price Full call number Accession Number Koha item type
    Reference JRU Library JRU Library SHELF-2-D 28/05/2016 PURCHASE 395.00 338.1 5801 Books